000 00267nam a2200109Ia 4500
008 220204s9999 xx 000 0 und d
082 _a271
_bWET
100 _aWETERING, Janwillem van de
245 4 _aThe empty mirror
260 _aNew York
_bPocket
_c1973
942 _cBK
999 _c29552
_d29552